书目信息 |
| 题名: |
摄影构图
|
|
| 作者: | 孔祥竺 著 | |
| 分册: | ||
| 出版信息: | 沈阳 辽宁美术出版社 1995.12 |
|
| 页数: | 216页 | |
| 开本: | 20cm | |
| 丛书名: | 北京电影学院图片摄影专业系列教材 | |
| 单 册: | ||
| 中图分类: | J406 | |
| 科图分类: | ||
| 主题词: | 摄影艺术--美术理论 | |
| 电子资源: | ||
| ISBN: | 7-5314-1340-X | |
| 000 | 00625nam2 2200217 45 | |
| 001 | 0012260871 | |
| 005 | 20041122105457.8 | |
| 010 | @a7-5314-1340-X@dCNY22.50 | |
| 100 | @a20001226d1995 km y0chiy0120 ea | |
| 101 | 0 | @achi |
| 105 | @a z 000yy | |
| 200 | 1 | @a摄影构图@AShe Ying Gou Tu@f孔祥竺著@FKong Xiang Zhu Zhu |
| 210 | @a沈阳@c辽宁美术出版社@d1995.12 | |
| 215 | @a216页@c插图@d20cm | |
| 225 | @a北京电影学院图片摄影专业系列教材 | |
| 410 | @12001 @a北京电影学院图片摄影专业系列教材 | |
| 606 | 0 | @a摄影艺术@x美术理论 |
| 690 | @aJ406@v1 | |
| 701 | 0 | @a孔祥竺@4著 |
| 801 | @aCN@bTSTC@c20001226 | |
| 905 | @dJ406@e116 | |
| 摄影构图/孔祥竺著.-沈阳:辽宁美术出版社,1995.12 |
| 216页:插图;20cm.-(北京电影学院图片摄影专业系列教材) |
| ISBN 7-5314-1340-X:CNY22.50 |
| ● |
| 相关链接 |
|
|
|
|
正题名:摄影构图
索取号:J406/116
 
预约/预借
| 序号 | 登录号 | 条形码 | 馆藏地/架位号 | 状态 | 备注 |
| 1 | 0294335 | 002943550 | 第一借阅区/ [索取号:J406/116] | 在馆 | |
| 2 | 0294336 | 002943569 | 第一借阅区/ [索取号:J406/116] | 在馆 | |
| 3 | 0294353 | 002943532 | 第一借阅区/ [索取号:J406/116] | 在馆 | |
| 4 | 0294354 | 002943541 | 第一借阅区/ [索取号:J406/116] | 在馆 | |
| 5 | 0294357 | 002943578 | 第一样本阅览室/ [索取号:J406/116] | 在馆 |